| 000 | 01231naa a22003257a 4500 | ||
|---|---|---|---|
| 001 | BR9511401 | ||
| 003 | BR-BrBNA | ||
| 005 | 20240918181740.0 | ||
| 007 | ta | ||
| 008 | 230509b bl.||||| |||| 00| 0 por d | ||
| 040 |
_aBR-BrBNA _bpor _cBiblioteca Nacional de Agricultura |
||
| 041 | _a(Pt) | ||
| 072 |
_aF30 _b0180 _b0110 |
||
| 090 | _aF30 BR9511401 | ||
| 100 | 1 | _aMor, M.J. | |
| 100 | 1 | _aMatzenbacher, R.G. | |
| 100 | 1 | _aSvoboda, L.H. | |
| 245 | 1 | _aExperimentacao com trigo no CEP - FECOTRIGO em 1978 | |
| 260 | 3 |
_aCruz Alta, RS (Brasil): _c1978. |
|
| 500 | _aResultados de pesquisa com trigo e triticale obtidos pela FECOTRIGO em 1978, vol.1 - melhoramento, experimentacao, fertilidade e praticas culturais Cruz Alta, RS (Brasil): 1978. p. 12-52 (BR9511401-AM)F30 | ||
| 650 | _aTrigo | ||
| 650 | _aCevada | ||
| 650 | _aVariedade | ||
| 650 | _aLinhagem | ||
| 650 | _aCruzamento Vegetal | ||
| 650 | _aControle de Qualidade | ||
| 773 | 0 |
_tResultados de pesquisa com trigo e triticale obtidos pela FECOTRIGO em 1978, vol.1 - melhoramento, experimentacao, fertilidade e praticas culturais _wF30 BR9511401 _gCruz Alta, RS (Brasil), 1978. p. 12-52 |
|
| 909 |
_a202404 _bLucia _c55 _dLucia Elande |
||
| 942 |
_cAM _2AGRIS |
||
| 999 |
_c326650 _d326650 |
||